|
|
|
|
| LEADER |
00000naa2a2200000 4500 |
| 001 |
626205 |
| 005 |
20231101133411.0 |
| 035 |
|
|
|a (RuTPU)RU\TPU\conf\25558
|
| 035 |
|
|
|a RU\TPU\conf\25556
|
| 090 |
|
|
|a 626205
|
| 100 |
|
|
|a 20180220d2018 k y0rusy50 ca
|
| 101 |
0 |
|
|a rus
|
| 102 |
|
|
|a RU
|
| 105 |
|
|
|a y z 101zy
|
| 135 |
|
|
|a drgn ---uucaa
|
| 181 |
|
0 |
|a i
|
| 182 |
|
0 |
|a b
|
| 200 |
1 |
|
|a Извлечение информации из новостных текстов с помощью моделирования рассуждений на основе прецедентов
|f П. В. Мызников
|g науч. рук. Д. Е. Пальчунов
|
| 203 |
|
|
|a Текст
|c электронный
|
| 225 |
1 |
|
|a Математическое моделирование и компьютерный анализ данных
|
| 230 |
|
|
|a 1 компьютерный файл (pdf; 254 Кb)
|
| 300 |
|
|
|a Заглавие с титульного экрана
|
| 320 |
|
|
|a [Библиогр.: с. 52 (10 назв.)]
|
| 463 |
|
0 |
|0 (RuTPU)RU\TPU\conf\25518
|t Молодежь и современные информационные технологии
|o сборник трудов XV Международной научно-практической конференции студентов, аспирантов и молодых учёных, 04-07 декабря 2017 г., г. Томск
|f Национальный исследовательский Томский политехнический университет, Инженерная школа информационных технологий и робототехники ; под ред. С. С. Михалевич [и др.]
|v [С. 51-52]
|d 2018
|
| 610 |
1 |
|
|a электронный ресурс
|
| 610 |
1 |
|
|a новостные тексты
|
| 610 |
1 |
|
|a моделирование
|
| 610 |
1 |
|
|a извлечение информации
|
| 610 |
1 |
|
|a рассуждения
|
| 610 |
1 |
|
|a прецеденты
|
| 610 |
1 |
|
|a ресурсы
|
| 610 |
1 |
|
|a Интернет
|
| 700 |
|
1 |
|a Мызников
|b П. В.
|
| 702 |
|
1 |
|a Пальчунов
|b Д. Е.
|4 727
|
| 712 |
0 |
2 |
|a Новосибирский государственный университет (НГУ)
|2 stltpush
|3 (RuTPU)RU\TPU\col\721
|
| 801 |
|
2 |
|a RU
|b 63413507
|c 20201229
|g RCR
|
| 856 |
4 |
|
|u http://earchive.tpu.ru/handle/11683/46504
|
| 942 |
|
|
|c BK
|